000 01178cam a2200373 a 4500
001 22468
003 SK-KTurca
005 20260328130854.0
008 240315s2012 xo g 000 f slo
015 _aSNBA2012/09-05037
020 _a9788022016650
_q(viaz.)
035 _a7C3CA408-8691-4ADD-BFB0-A75A55091130
035 _aurn:nbn:sk:snk-amjlkl
035 _aurn:nbn:sk:snk-am001n24
040 _aPPPK
_bslo
_cPPPK
_dSNK
_eAACR2
041 1 _aslo
_heng
044 _axo
_cSK
072 7 _a821.111(73)-3
_xAmerická próza
_2konspekt
080 _a821.111(73)-31
_22001
080 _a(0:82-311.6)
_22001
100 1 _aDuran, Meredith
_4aut
240 1 0 _aBound by your touch
_lSlovensky
245 1 0 _aVášnivý dotyk
_cMeredith Duranová ; [z anglického originálu preložila Zuzana Therová]
250 _a[1. vyd.]
260 _aBratislava
_bSlovenský spisovateľ
_c2012
300 _a280 s.
_c21 cm
655 7 _aamerické romány
_2SNKPH
655 7 _ahistorické romány
_2SNKPH
655 7 _aAmerican fiction
_2SNKPHeng
655 7 _aHistorical novels
_2SNKPHeng
700 1 _aTherová, Zuzana
_4trl
942 _2ddc
_cKLDO
_n0
980 _a821.111(73)-31
999 _c22468
_d22468